Philosophy of law (Registro nro. 310634)

Detalles MARC
000 -ENCABEZADO
Número de control [NR] 01084cam a2200301 i 4500
001 - NÚMERO DE CONTROL
control field 17282230
005 - FECHA Y HORA DE LA ÚLTIMA TRANSACCIÓN
control field 20181025082856.0
008 - DE LONGITUD FIJA DE DATOS DE ELEMENTOS - INFORMACIÓN GENERAL
Elementos de longitud fija [NR] 181025s2014 at b 000 0 spa d
010 ## - NUMERO DE CONTROL DE LA BIBLIOTECA DEL CONGRESO (LC) [NR]
Número de control LC [NR] 2012938894
020 ## - NUMERO INTERNACIONAL NORMALIZADO PARA LIBROS [R]
Número Internacional Normalizado del libro [NR] 9781133942962 (9a.Ed.)
020 ## - NUMERO INTERNACIONAL NORMALIZADO PARA LIBROS [R]
Número Internacional Normalizado del libro [NR] 1133942962
040 ## - FUENTE DE CATALOGACION [NR]
Agencia de catalogación original [NR] CO-BoUCM
Idioma de catalogación [NR] spa
Quien Cataloga Saul Niño
Quien Clasifica Saul Niño
041 0# - CODIGO DE IDIOMA [R]
Código de idioma para texto/pista de sonido o título separado [R] Inglés
100 10 - ASIENTO PRINCIPAL--NOMBRE PERSONAL [NR]
Nombre personal [NR] Feinberg, Joel
Fechas asociadas con el nombre [NR] 1926-2004
ID Autoridad 94135
245 10 - MENCION DE TITULO [NR]
Título [NR] Philosophy of law
Mención de responsabilidad, etc. [NR] [edited by] Joel Feinberg, Late, University of Arizona; Jules Coleman, Yale Law School; Christopher Kutz, University of California, Berkeley
250 ## - MENCION DE EDICION [NR]
Mención de edición [NR] Novena edición
260 ## - PUBLICACION, DISTRIBUCION, ETC. (PIE DE IMPRENTA) [R]
Lugar de publicación, distribución, etc. [R] Australia
Nombre del editor, distribuidor, etc. [R] Wadsworth Cengage Learning
Fecha de publicación, distribución, etc. [R] 2014
300 ## - DESCRIPCION FISICA [R]
Extensión [R] xiv, 1039 páginas
546 ## - NOTA DE IDIOMA [R]
Nota de idioma [NR] Texto en inglés
650 #7 - ASIENTO SECUNDARIO DE MATERIA - TERMINO TEMATICO [R]
Término temático o nombre geográfico como elemento de entrada [NR] Derecho
Subdivisión general [R] Filosofía
9 (RLIN) 30013
650 #7 - ASIENTO SECUNDARIO DE MATERIA - TERMINO TEMATICO [R]
Término temático o nombre geográfico como elemento de entrada [NR] Derecho y ética
9 (RLIN) 12843
650 #7 - ASIENTO SECUNDARIO DE MATERIA - TERMINO TEMATICO [R]
Término temático o nombre geográfico como elemento de entrada [NR] Derecho
Subdivisión general [R] Filosofía
Subdivisión geográfica [R] Estados Unidos
9 (RLIN) 7494
650 #7 - ASIENTO SECUNDARIO DE MATERIA - TERMINO TEMATICO [R]
Término temático o nombre geográfico como elemento de entrada [NR] Filosofía del derecho
9 (RLIN) 15792
700 1# - ASIENTO SECUNDARIO - NOMBRE PERSONAL [R]
Nombre personal [NR] Coleman, Jules L.
9 (RLIN) 94136
700 1# - ASIENTO SECUNDARIO - NOMBRE PERSONAL [R]
Nombre personal [NR] Kutz, Christopher
9 (RLIN) 94137
942 ## - ELEMENTOS DE ENTRADA AGREGADOS (KOHA)
Sistema de clasificación DEWEY
Tema principal Literatura
Tipo de ítem principal el descrito en 300a Libro
Edición 9
Clasificación 340.1
Parte restante de la signatura top. F299l
Existencias
Fecha de último préstamo Total préstamos Signatura topográfica Código de barras Última vez visto Volúmen / Fascículo Ejemplar Costo de reposición Price effective from Tipo de ítem Perdido Sistema de clasificación Dañado No prestable Tipo de ítem específico Suprimido Ubicación habitual Ubicación actual Localización Fecha de creación Proveedor Forma de adquisición Costo
20/09/2023 2 340.1 F299l 100158258 03/12/2025 9a.Ed. Ej.1 567461.00 19/10/2018 Libro   DEWEY     Libro   Claustro Claustro 3er piso 19/10/2018 15 Compra 567461.00